000 00352nam a22001577a 4500
003 MPLRDC
005 20220104114157.0
008 210129b ||||| |||| 00| 0 eng d
082 _a121.9 SX
100 _a不详
245 _a思舜谈咏辑
_c
260 _a
_b马来亚通报
_c
300 _b
650 _a先秦哲学
942 _cBK
_o121.9 SX
999 _c5428
_d5418